• 首页
  • 本馆介绍
  • 公告通知
  • 最新文献
  • 馆藏检索
  • 电子资源
  • 读者导购
  • 参考咨询
  • 我的图书馆
  • 登录
  • 详细信息显示
  • 放入我的书架
  • 预约/预借图书
  • 作者相关作品
  • 分类相关作品
  • 丛书相关作品
  • 出版社相关作品

书目信息

  • 表格格式
  • 工作单格式
  • 卡片格式
题名:
深坑之上
    
 
作者: 冯丽 , 田莉 主编
分册:  
出版信息: 北京   中国经济出版社  2016
页数: 13,203页
开本: 21cm
丛书名: 创业创新实践系列读本
单 册:
中图分类: F272-53
科图分类:
主题词: 企业管理--qi ye guan li--文集
电子资源:
ISBN: 978-7-5136-4133-3
000 01198nam0 22003011 450
001 0127144024
005 20170427144024.0
010    @a978-7-5136-4133-3@dCNY39.80
100    @a20160607d2016 em y0chiy50 ea
101 0  @achi
102    @aCN@b110000
105    @aa z 000yy
106    @ar
200 1  @a深坑之上@Ashen keng zhi shang@e初创企业的危与机@f冯丽,田莉主编
210    @a北京@c中国经济出版社@d2016
215    @a13,203页@c图@d21cm
225 2  @a创业创新实践系列读本@Achuang ye chuang xin shi jian xi lie du ben
312    @a封面英文题名:Above the abyss
330    @a本书以创业者从决定创业,组建创业团队,融资直到退出所面临的挑战为主线,集合了11篇优秀作品,从创业思路、创业团队、资源整合、融资难题、品牌推广、技术之殇、产品困境、创业心理、创业目标十大角度,谈到了初创企业的“危”与“机”。
461  0 @12001 @a创业创新实践系列读本
510 1  @aAbove the abyss@zeng
517 1  @a初创企业的危与机@Achu chuang qi ye de wei yu ji
606 0  @a企业管理@Aqi ye guan li@j文集
690    @aF272-53@v5
701  0 @a冯丽@Afeng li@c(女,企业管理)@4主编
701  0 @a田莉@Atian li@c(女,@f1982~)@4主编
801  0 @aCN@bTANGWEI@c20170308
905    @b0966071-4@dF272-53@e1383@f4
    
    深坑之上:初创企业的危与机/冯丽,田莉主编.-北京:中国经济出版社,2016
    13,203页:图;21cm.-(创业创新实践系列读本)
    
    
    ISBN 978-7-5136-4133-3:CNY39.80
    本书以创业者从决定创业,组建创业团队,融资直到退出所面临的挑战为主线,集合了11篇优秀作品,从创业思路、创业团队、资源整合、融资难题、品牌推广、技术之殇、产品困境、创业心理、创业目标十大角度,谈到了初创企业的“危”与“机”。
●
相关链接 在E读中查询图书 在五车中查询图书 在当当中查询图书 在豆瓣中查询图书


正题名:深坑之上     索取号:F272-53/1383         预约/预借

序号 登录号 条形码 馆藏地/架位号 状态 备注
1 0966071   209660712   第一样本阅览室/ [索取号:F272-53/1383] 在馆    
2 0966072   209660721   第一借阅区/ [索取号:F272-53/1383] 在馆    
3 0966073   209660730   第一借阅区/ [索取号:F272-53/1383] 在馆    
4 0966074   209660749   密集书库-海洋学院/ [索取号:F272-53/1383] 在馆    
唐山师范学院图书馆 欢迎您!
大连网信软件有限公司© 版权所有